| 000 | 00942nam a22002897a 4500 | ||
|---|---|---|---|
| 003 | CHAP | ||
| 005 | 20220329140128.0 | ||
| 008 | 971013s1968 r 00010 d | ||
| 010 | _a47404 | ||
| 011 | _a48376 | ||
| 035 | _a52521 | ||
| 040 | _cCHAP | ||
| 082 |
_a632 _bV3 |
||
| 100 | 0 | 0 |
_aVanderplank, J. E. _9117871 |
| 245 | _aDisease resitance in plants | ||
| 260 |
_aNew York : _bAcademic Press, _c1968 |
||
| 300 | _a206 p. | ||
| 590 |
_aBATCH-UPD _b10 _c20130110 _lUCH01 _h0058 |
||
| 590 |
_aBATCH-UPD _b10 _c20130110 _lUCH01 _h2258 |
||
| 590 |
_aCONVERSION _b10 _c20130109 _lUCH01 _h1326 |
||
| 650 | 1 | 4 |
_aPlantas _xResistencia a enfermedades. _988882 |
| 901 | _aBK | ||
| 942 | _cLIBRO | ||
| 949 |
_a632 V3 _bBC _cLIBRO _d33724000176475 _eLIBRO _fc.3 _h40606 _i52521 _si _t119.00 |
||
| 949 |
_a632 V3 _bBC _cLIBRO _d33724000176483 _eLIBRO _fc.2 _h29034 _i52521 _si _t119.00 |
||
| 949 |
_a632 V3 _bBC _cLIBRO _d33724000176491 _eLIBRO _h13984 _i52521 _si _t119.00 |
||
| 999 |
_c47404 _d47404 |
||